England's village services in the late 1990s: entrepreneurialism, community and the state (Record no. 65919)
[ view plain ]
| 000 -LEADER | |
|---|---|
| fixed length control field | 01390cam a2200265 4500 |
| 001 - CONTROL NUMBER | |
| control field | ABS63514 |
| 008 - FIXED-LENGTH DATA ELEMENTS--GENERAL INFORMATION | |
| fixed length control field | 000000n2000 000 0 eng u |
| 035 ## - SYSTEM CONTROL NUMBER | |
| System control number | (Sirsi) u110622 |
| 100 ## - MAIN ENTRY--PERSONAL NAME | |
| Personal name | Moseley, M. |
| 245 ## - TITLE STATEMENT | |
| Title | England's village services in the late 1990s: entrepreneurialism, community and the state |
| 260 ## - PUBLICATION, DISTRIBUTION, ETC. | |
| Date of publication, distribution, etc. | 2000 |
| 490 ## - SERIES STATEMENT | |
| Series statement | Town Planning Review |
| Volume/sequential designation | 71(4) 2000, 415-433(19) |
| 520 ## - SUMMARY, ETC. | |
| Summary, etc. | Uses evidence from the Countryside Agency and Rural Community Councils on the provision of six key services within England's villages to assess the difficulties of delivering high quality services through widespread outlets in sparsely populated rural areas and the future of those services. Addresses the background of and challenges to rural service delivery including competition from supermarkets and other large retail outlets, customer desertion, and as a consequence of local authority and government policies. Looks at the role of information and communication technology, volunteers and the community and the need for both better business initiatives and state intervention. References. |
| 590 ## - LOCAL NOTE (RLIN) | |
| Local note | ABS |
| 650 ## - SUBJECT ADDED ENTRY--TOPICAL TERM | |
| Topical term or geographic name entry element | POST OFFICES |
| 650 ## - SUBJECT ADDED ENTRY--TOPICAL TERM | |
| Topical term or geographic name entry element | PUBLIC TRANSPORT |
| 650 ## - SUBJECT ADDED ENTRY--TOPICAL TERM | |
| Topical term or geographic name entry element | PUBS |
| 650 ## - SUBJECT ADDED ENTRY--TOPICAL TERM | |
| Topical term or geographic name entry element | RURAL COMMUNITIES |
| 650 ## - SUBJECT ADDED ENTRY--TOPICAL TERM | |
| Topical term or geographic name entry element | RURAL SERVICES |
| 650 ## - SUBJECT ADDED ENTRY--TOPICAL TERM | |
| Topical term or geographic name entry element | VILLAGE HALLS |
| 650 ## - SUBJECT ADDED ENTRY--TOPICAL TERM | |
| Topical term or geographic name entry element | VILLAGE SHOPS |
| 650 ## - SUBJECT ADDED ENTRY--TOPICAL TERM | |
| Topical term or geographic name entry element | VILLAGES |
| 690 ## - LOCAL SUBJECT ADDED ENTRY--TOPICAL TERM (OCLC, RLIN) | |
| Topical term or geographic name as entry element | Rural |
| 9 (RLIN) | 6268 |
| 942 ## - ADDED ENTRY ELEMENTS (KOHA) | |
| Suppress in OPAC | 0 |
| Withdrawn status | Lost status | Source of classification or shelving scheme | Damaged status | Not for loan | Home library | Current library | Shelving location | Date acquired | Total Checkouts | Full call number | Barcode | Date last seen | Copy number | Price effective from | Koha item type |
|---|---|---|---|---|---|---|---|---|---|---|---|---|---|---|---|
| Dewey Decimal Classification | London | London | Journal article | 29/01/2001 | ABS63514 | 110622-1001 | 06/08/2019 | 1 | 06/08/2019 | Journal article |